| 000 | 00334nam a2200109 4500 | ||
|---|---|---|---|
| 999 |
_c12367 _d12367 |
||
| 008 | 190123b ||||| |||| 00| 0 eng d | ||
| 245 | _aDENR calls for end to impunity in environmental crimes. | ||
| 260 |
_aPhilippines _bThe Philippine Star _cc2018 |
||
| 300 | _apage 9. | ||
| 650 | 0 |
_934904 _aEnvironmental protection. |
|
| 942 |
_2ddc _cPER |
||